Sondáž medzi maloobchodníkmi

Výsledky prieskumu medzi maloobchodníkmi uskutočnenom Katedrou marketingu Obchodnej fakulty Ekonomickej univerzity. Výskum bol zameraný na otázku formulovania obsahu vnútroobchodnej politiky. Zložitá situácia slovenského maloobchodu spôsobená aj nesystémovou transformáciou a jej ďalšie príčiny. Výsl...

Ausführliche Beschreibung

Gespeichert in:
Bibliographische Detailangaben
1. Verfasser: Viestová, Kristína
Format: Buchkapitel
Sprache:Slowakisch
Schlagworte:
Tags: Tag hinzufügen
Keine Tags, Fügen Sie das erste Tag hinzu!

MARC

LEADER 00000naa a2200000 4500
001 r036969
005 20230929112948.7
041 0 |a slo 
044 |a SK 
245 1 0 |a Sondáž medzi maloobchodníkmi  |c Kristína Viestová 
520 |a Výsledky prieskumu medzi maloobchodníkmi uskutočnenom Katedrou marketingu Obchodnej fakulty Ekonomickej univerzity. Výskum bol zameraný na otázku formulovania obsahu vnútroobchodnej politiky. Zložitá situácia slovenského maloobchodu spôsobená aj nesystémovou transformáciou a jej ďalšie príčiny. Výsledky ankety ohľadne lokality predajne, sortimentu tovaru, spôsobu tvorby cien, nákupu tovaru, prijímania personálu a nástrojov marketingovej komunikácie. 
610 2 0 |a maloobchod 
610 2 0 |a prieskum podnikateľský 
610 2 0 |a politika obchodná 
610 2 0 |a obchod vnútorný 
610 2 0 |a predajne 
610 2 0 |a sortiment tovaru 
610 2 0 |a tvorba cien 
610 2 0 |a nákup 
610 2 0 |a prijímanie pracovníkov 
610 2 0 |a komunikácia marketingová 
610 2 0 |a zdroje ľudské 
610 2 0 |a Slovensko 
100 1 |a Viestová, Kristína